00651nam a2200157Ia 4500008004100000100002000041245009100061245012000152260004900272260000900321300001000330650001300340856004800353999001900401952007300420170221s9999 xx 000 0 und d aSung David Chun aStudent loans at local credit unions: exploring consumer profiles and product features cSung David Chun, Mercy College of Ohio; Yeojun Caleb Chun, HCR ManorCare; Sock Chung, Eastern Michigan University . bJournal of Management and Marketing Research c2013 a2 : 3 xBusiness uhttp://www.aabri.com/manuscripts/152277.pdf c311641d311641 001040aCLbCLd2017-02-21l0r2017-02-21 00:00:00w2017-02-21yFOJ